[Event "II Aberto do Brasil de Maringa id. fide 69253 id. 
[Site "Maringa - Parana - Brasil"]
[Date "2012.08.12"]
[Round "8"]
[Board "11"]
[White "MOLINA, Roberto Junio Brito"]
[Black "ZALLIO, Luciano Souza"]
[Result "1-0"]
[WhiteElo "2423"]
[BlackElo "2138"]
[PlyCount "121"]
[EventDate "2012.08.08"]
[EventRounds "9"]
[EventCountry "BRA"]

1. d4 Nf6 2. c4 e6 3. Nf3 b6 4. g3 Ba6 5. Qa4 Bb7 6. Bg2 Be7 7. O-O O-O 8. Nc3
d5 9. Ne5 c6 10. Bf4 a6 11. Qb3 Nfd7 12. Nxd7 Nxd7 13. Rfd1 b5 14. c5 g5 15.
Be3 f5 16. f3 Qe8 17. Bf2 Qf7 18. a4 Bf6 19. e4 Bg7 20. Rd2 Kh8 21. Re1 Rfe8
22. Rde2 Nf6 23. Kh1 Qh5 24. Bg1 Rad8 25. e5 Ng8 $11 26. Ra1 Ra8 27. Ree1 Reb8
28. Ra2 Qe8 29. Rea1 Ne7 30. Bf1 Kg8 31. Kg2 h6 32. Bf2 Kf7 33. Be2 Kg6 34. Bd3
Kf7 35. Be3 Ng6 36. Bd2 Bf8 37. Ne2 Be7 38. Ba5 Bd8 39. Bxd8 Qxd8 40. Ra3 Ne7
41. R1a2 Kg7 42. Qc3 Kf7 43. b4 Kg7 44. Nc1 Qc7 45. Nb3 Nc8 46. Qa1 Qd7 47.
axb5 cxb5 48. Na5 Ra7 49. Nxb7 Qxb7 50. Rxa6 Rba8 51. R6a5 Rxa5 52. Rxa5 Rxa5
53. Qxa5 Na7 54. Qb6 Qxb6 55. cxb6 Nc6 56. Bxb5 Nb8 57. h4 Kf7 58. Kh3 Kg7 59.
hxg5 hxg5 60. f4 g4+ 61. Kh4 1-0

[Event "II Aberto do Brasil de Maringa id. fide 69253 id. 
[Site "Maringa - Parana - Brasil"]
[Date "2012.08.12"]
[Round "8"]
[Board "13"]
[White "CAVALCANTI, Francisco De Assis"]
[Black "OLIVEIRA, Fernando Ventura"]
[Result "1-0"]
[WhiteElo "2290"]
[BlackElo "2077"]
[PlyCount "69"]
[EventDate "2012.08.08"]
[EventRounds "9"]
[EventCountry "BRA"]

1. d4 d5 2. c4 e6 3. Nc3 c6 4. e3 f5 5. Qc2 Nf6 6. Bd3 Ne4 7. Nge2 Bd6 8. g3
O-O 9. f3 Nxc3 10. Nxc3 Na6 $11 11. a3 Nc7 12. c5 Be7 13. f4 Rf6 14. Bd2 h5 15.
Ne2 Bd7 16. h3 Rh6 17. Kf2 Kf7 18. Rag1 Qh8 19. Ke1 Ne8 20. Rh2 Bd8 21. Rgg2
Nf6 22. Ng1 Ne4 23. Nf3 Bf6 24. Ba5 Rg6 25. g4 fxg4 26. hxg4 e5 27. g5 exf4 28.
gxf6 Rxg2 29. Ne5+ Kxf6 30. Nxd7+ Ke7 31. Qxg2 Kxd7 32. Bxe4 dxe4 33. Qh3+ Ke7
34. Qh4+ Kd7 35. Qxf4 1-0

[Event "II Aberto do Brasil de Maringa id. fide 69253 id. 
[Site "Maringa - Parana - Brasil"]
[Date "2012.08.12"]
[Round "8"]
[Board "14"]
[White "REZENDE, Guilherme Vilela"]
[Black "BARRETO FILHO, Carlos Alberto"]
[Result "1/2-1/2"]
[WhiteElo "2049"]
[BlackElo "2279"]
[PlyCount "112"]
[EventDate "2012.08.08"]
[EventRounds "9"]
[EventCountry "BRA"]

1. d4 Nf6 2. c4 d6 3. Nc3 g6 4. e4 Bg7 5. f3 O-O 6. Be3 c5 7. Nge2 cxd4 8. Nxd4
Nc6 9. Nc2 Be6 10. Qd2 Rc8 11. Nd5 Nd7 12. Rb1 Nc5 13. Be2 a5 14. O-O f5 15.
exf5 Bxf5 16. g4 Bxc2 17. Qxc2 Bd4 18. Qd2 Bxe3+ 19. Qxe3 e6 20. Nc3 Qf6 21.
Rbd1 Rcd8 22. Rd2 Qe5 23. Qxe5 dxe5 24. Rxd8 Rxd8 25. Rd1 Nd4 26. Kf2 Rf8 27.
Ke3 g5 28. b3 Kg7 29. Rh1 h5 30. gxh5 Rf4 31. Rg1 Kh6 32. Ne4 Nxe4 33. fxe4
Nxe2 34. Kxe2 Rxe4+ 35. Kf3 Rf4+ 36. Ke3 Kxh5 37. Rd1 Rf7 38. Rd6 Kg4 39. Rd2
Kh3 40. Ke4 Rf5 41. c5 g4 42. Re2 a4 43. bxa4 Rf1 44. a5 Rc1 45. Kxe5 Rxc5+ 46.
Kxe6 Rxa5 47. Rb2 Rc5 48. Kd6 Rf5 49. a4 Rf4 50. Ra2 Rf1 51. Kc7 Rb1 52. a5 Rb5
53. Kb8 Rb3 54. Kc7 Rb4 55. Kb8 Rb5 56. Kc7 Rb1 1/2-1/2

[Event "II Aberto do Brasil de Maringa id. fide 69253 id. 
[Site "Maringa - Parana - Brasil"]
[Date "2012.08.12"]
[Round "8"]
[Board "15"]
[White "MARTINS, Carlos"]
[Black "GONCALVES, Jorge Roberto"]
[Result "1/2-1/2"]
[WhiteElo "2250"]
[BlackElo "2057"]
[PlyCount "40"]
[EventDate "2012.08.08"]
[EventRounds "9"]
[EventCountry "BRA"]

1. e4 c5 2. Nf3 d6 3. d4 cxd4 4. Nxd4 Nf6 5. Nc3 a6 6. Bc4 e6 7. a3 Qc7 8. Ba2
b5 9. O-O Bb7 10. Re1 Nc6 11. Nxc6 Qxc6 12. Bd5 Qc7 13. Bxb7 Qxb7 14. Bg5 h6
15. Bxf6 gxf6 16. Qf3 Be7 17. Re3 Rc8 18. b4 Rg8 19. g3 f5 20. Rd1 f4 1/2-1/2

[Event "II Aberto do Brasil de Maringa id. fide 69253 id. 
[Site "Maringa - Parana - Brasil"]
[Date "2012.08.12"]
[Round "8"]
[Board "16"]
[White "MOREIRA, Ronaldo Alonso"]
[Black "DIAS, Anderson Tatsch"]
[Result "0-1"]
[WhiteElo "2022"]
[BlackElo "2243"]
[PlyCount "110"]
[EventDate "2012.08.08"]
[EventRounds "9"]
[EventCountry "BRA"]

1. d4 c5 2. d5 Nf6 3. c4 b5 4. cxb5 g6 5. Nc3 a6 6. bxa6 Bxa6 7. g3 d6 8. Bg2
Bg7 9. Nf3 O-O 10. Rb1 Qa5 11. Bd2 Nbd7 12. b3 Ne8 13. Qc2 Nc7 14. O-O Bb7 15.
a4 Qa7 16. e4 Na6 17. Nb5 Qb6 18. Rfc1 Nf6 19. Re1 Rfc8 20. Bh3 Rd8 21. Bc3 Ne8
22. Bxg7 Nb4 23. Qc3 Nxg7 24. Nd2 Rdb8 25. Nc4 Qd8 26. f4 f5 27. Bg2 fxe4 28.
Bxe4 Nxd5 29. Qf3 e6 30. Ncxd6 Bc6 31. Rbc1 Qf8 32. Qf2 Bxb5 33. Nxb5 Rc8 34.
Red1 Ra6 35. Bxd5 exd5 36. Rxd5 c4 37. bxc4 Rxa4 38. c5 Ra5 39. Nd6 Rca8 40.
Rd2 Ne6 41. c6 Ra1 42. Rxa1 Rxa1+ 43. Kg2 Rc1 44. Qb6 Qf6 45. Ne4 Qa1 46. Qb3
Rxc6 47. Ng5 Qa6 48. Rd8+ Kg7 49. Qb2+ Kh6 50. Nf7+ Kh5 51. Rd5+ g5 52. Nxg5
Rc5 53. Rxc5 Nxc5 54. Qg7 Qe2+ 55. Kh3 Qf1# 0-1

[Event "II Aberto do Brasil de Maringa id. fide 69253 id. 
[Site "Maringa - Parana - Brasil"]
[Date "2012.08.12"]
[Round "8"]
[Board "17"]
[White "COSTA, Paulo Cesar"]
[Black "FELICIANO EBERT, Vanessa"]
[Result "0-1"]
[WhiteElo "2060"]
[BlackElo "2231"]
[PlyCount "100"]
[EventDate "2012.08.08"]
[EventRounds "9"]
[EventCountry "BRA"]

1. Nf3 g6 2. d4 Bg7 3. c3 Nf6 4. Bg5 O-O 5. Nbd2 d5 6. Bxf6 Bxf6 7. e4 c5 8.
dxc5 Nd7 9. exd5 Nxc5 10. Bc4 b5 11. Be2 Qxd5 12. O-O Bb7 13. Bxb5 Rad8 14. Qc2
Qh5 15. Rfe1 e5 16. b4 e4 17. bxc5 exf3 18. Nxf3 Bxf3 19. gxf3 Be5 20. f4 Bxf4
21. Qe4 Bxh2+ 22. Kf1 Qxc5 23. a4 Rd2 24. Qe3 Qd5 25. Qe4 Qg5 26. Qg2 Qh4 27.
Rad1 Rfd8 28. Rxd2 Rxd2 29. Re2 Rxe2 30. Kxe2 Be5 31. Qa8+ Kg7 32. Qxa7 Bxc3
33. Qe3 Bd4 34. Qf3 h5 35. Qg3 Qe4+ 36. Kf1 Be5 37. Qe3 Qxe3 38. fxe3 f5 39. a5
Bc7 40. a6 Bb6 41. Ke2 Kf6 42. Kf3 g5 43. Bc6 h4 44. e4 g4+ 45. Kf4 Bc7+ 46.
Ke3 f4+ 47. Ke2 Bb6 48. Bd7 f3+ 49. Kf1 g3 50. Bh3 Ke5 0-1

[Event "II Aberto do Brasil de Maringa id. fide 69253 id. 
[Site "Maringa - Parana - Brasil"]
[Date "2012.08.12"]
[Round "8"]
[Board "18"]
[White "CHEMIN, Vitorio"]
[Black "LUKACHEWSKI JUNIOR, Wanderley"]
[Result "1-0"]
[WhiteElo "2205"]
[BlackElo "2050"]
[PlyCount "34"]
[EventDate "2012.08.08"]
[EventRounds "9"]
[EventCountry "BRA"]

1. Nf3 Nf6 2. d4 g6 3. Bf4 Bg7 4. e3 O-O 5. Be2 d5 6. O-O c5 7. c3 Nc6 8. Nbd2
Qb6 9. Qb3 Qxb3 10. axb3 cxd4 11. exd4 Bf5 12. b4 a6 13. Ne5 Nxe5 14. Bxe5 Ne4
15. Bxg7 Kxg7 16. Nb3 Nd6 17. Nc5 Rfe8 {Ilegivel. Concluida no lance 60.} 1-0

[Event "II Aberto do Brasil de Maringa id. fide 69253 id. 
[Site "Maringa - Parana - Brasil"]
[Date "2012.08.12"]
[Round "8"]
[Board "19"]
[White "CEZAR JUNIOR, William Carlos"]
[Black "CALCADO, Acyr Rogerio"]
[Result "1-0"]
[WhiteElo "1973"]
[BlackElo "2165"]
[PlyCount "57"]
[EventDate "2012.08.08"]
[EventRounds "9"]
[EventCountry "BRA"]

1. c4 e5 2. Nc3 Nc6 3. Nf3 Nf6 4. g3 g6 5. Bg2 Bg7 6. O-O O-O 7. d4 exd4 8.
Nxd4 Ne5 9. b3 d6 10. Bb2 c6 11. Qd2 Qa5 12. Rfd1 Rd8 13. Nd5 Qxd2 14. Nxf6+
Bxf6 15. Rxd2 a5 16. a4 Nd7 17. Rad1 Nc5 18. Nxc6 Bxb2 19. Nxd8 Be5 20. f4 Bf6
21. Rxd6 Be7 22. R6d5 Kf8 $11 23. Kf1 Rb8 24. h3 Ke8 25. g4 Nxb3 26. Rb5 Bxd8
27. Rxb3 b6 28. Bc6+ Ke7 29. Re3+ 1-0

[Event "II Aberto do Brasil de Maringa id. fide 69253 id. 
[Site "Maringa - Parana - Brasil"]
[Date "2012.08.12"]
[Round "8"]
[Board "20"]
[White "CABRAL, Denrick"]
[Black "SOUZA NEVES, Andrey M"]
[Result "1/2-1/2"]
[WhiteElo "1896"]
[BlackElo "2140"]
[PlyCount "58"]
[EventDate "2012.08.08"]
[EventRounds "9"]
[EventCountry "BRA"]

1. e4 d5 2. exd5 Nf6 3. d4 Nxd5 4. c4 Nb6 5. Nc3 e5 6. d5 c6 7. Bd3 Bb4 8. dxc6
Nxc6 9. Nge2 O-O 10. O-O f5 11. a3 Be7 12. b3 Be6 13. Bb2 g5 14. Qb1 h5 15. Nd5
Nxd5 16. cxd5 Qxd5 17. Bc4 Qd7 18. Rd1 Qc8 19. Qd3 Bf6 20. Qxf5 Bxc4 21. Qg6+
Bg7 22. bxc4 Qg4 23. Ng3 Rf6 24. Qxh5 Qf4 25. Qe2 Raf8 26. f3 Rh6 27. Qe4 Qf6
28. Rd2 Nd4 29. Rad1 b6 1/2-1/2

[Event "II Aberto do Brasil de Maringa id. fide 69253 id. 
[Site "Maringa - Parana - Brasil"]
[Date "2012.08.12"]
[Round "8"]
[Board "22"]
[White "BRITO, Luismar"]
[Black "GUIMARAES, Artemis Pamela"]
[Result "0-1"]
[WhiteElo "2275"]
[BlackElo "1996"]
[PlyCount "68"]
[EventDate "2012.08.08"]
[EventRounds "9"]
[EventCountry "BRA"]

1. Nc3 d5 2. e4 d4 3. Nce2 e5 4. Nf3 f6 5. Ng3 Be6 6. Bb5+ c6 7. Ba4 Bc5 8. Qe2
Ne7 9. Bb3 d3 10. Qxd3 Qxd3 11. cxd3 Bxb3 12. axb3 Na6 13. d4 Nb4 14. Kd1 exd4
15. d3 Nxd3 16. Kd2 Ne5 17. Nxe5 fxe5 18. Kd3 O-O 19. f3 Bb6 20. Bg5 Ng6 21.
Nf5 h6 22. Bc1 Rfe8 23. Ra4 c5 24. h4 a5 25. h5 Nf8 26. f4 Ne6 27. Rf1 exf4 28.
Ra1 c4+ 29. bxc4 Nc5+ 30. Ke2 d3+ 31. Kf3 d2 32. Ne7+ Kf7 33. Nd5 dxc1=Q 34.
Raxc1 Nb3 {Planilha confusa.} 0-1

[Event "II Aberto do Brasil de Maringa id. fide 69253 id. 
[Site "Maringa - Parana - Brasil"]
[Date "2012.08.12"]
[Round "8"]
[Board "23"]
[White "RIOS FILHO, Hilton Carlos"]
[Black "AGUIAR, Djalma"]
[Result "0-1"]
[WhiteElo "2212"]
[BlackElo "1964"]
[PlyCount "54"]
[EventDate "2012.08.08"]
[EventRounds "9"]
[EventCountry "BRA"]

1. d4 Nf6 2. c4 e6 3. g3 Bb4+ 4. Nd2 O-O 5. Bg2 d6 6. Ngf3 Nc6 7. O-O Bxd2 8.
Bxd2 e5 9. d5 Nb8 10. Qc2 a5 11. b3 Bg4 12. h3 Bh5 13. e4 Nbd7 14. Bc3 Nc5 15.
g4 Bg6 16. Nd2 c6 17. Rad1 cxd5 18. cxd5 Nxd5 19. Bxe5 Nb4 20. Qc4 dxe5 21.
Qxc5 Re8 22. a3 Nc6 23. Nc4 Qe7 24. Rd6 Nd4 25. Rb1 f6 26. Nb6 Rad8 27. Rxd8
Qxc5 0-1

[Event "II Aberto do Brasil de Maringa id. fide 69253 id. 
[Site "Maringa - Parana - Brasil"]
[Date "2012.08.12"]
[Round "8"]
[Board "24"]
[White "GAMARRA, Ramon"]
[Black "CHEMIN, Justo Reinaldo"]
[Result "0-1"]
[WhiteElo "1957"]
[BlackElo "2153"]
[PlyCount "123"]
[EventDate "2012.08.08"]
[EventRounds "9"]
[EventCountry "BRA"]

1. d4 d5 2. Nf3 Nf6 3. g3 g6 4. Bg2 Bg7 5. O-O O-O 6. Nbd2 c6 7. Re1 Bf5 8. Nh4
Nbd7 9. f3 Qb6 10. Nxf5 gxf5 11. e3 e6 12. a4 c5 13. a5 Qc7 14. c3 Rfe8 15. f4
Rac8 16. Nf3 Ne4 17. Bd2 cxd4 18. exd4 Ndf6 19. Ne5 Nd6 20. Nd3 Nc4 21. a6 b6
22. Bc1 Ne4 23. Re2 Ncd6 24. Nb4 Qc4 25. Be3 Nb5 26. Qd3 Nxd4 27. Qxc4 Rxc4 28.
Ree1 Rxb4 29. cxd4 Rc8 30. Rec1 Rbc4 31. b3 Rxc1+ 32. Rxc1 Rxc1+ 33. Bxc1 Bxd4+
34. Kf1 Nc5 35. Ke2 Nxa6 36. Kd3 Bg1 37. h3 Bf2 38. g4 fxg4 39. hxg4 Nc5+ 40.
Kc2 a5 41. Bd2 Kf8 42. b4 axb4 43. Bxb4 Ke7 44. Bf1 Be3 45. f5 Kf6 46. Bg2 Kg5
47. fxe6 fxe6 48. Bf3 Kf4 49. Be2 Ne4 50. Bf8 Bc5 51. Bh6+ Kg3 52. Bg7 Bd6 53.
Bd4 Bc7 54. Kb3 Kf4 55. Kb4 e5 56. Bg1 Bd6+ 57. Kb5 d4 58. Bd3 Nc5 59. Kc4 Nxd3
60. Kxd3 Kxg4 61. Ke4 Kg3 62. Kd5 0-1

[Event "II Aberto do Brasil de Maringa id. fide 69253 id. 
[Site "Maringa - Parana - Brasil"]
[Date "2012.08.12"]
[Round "8"]
[Board "25"]
[White "GONCALVES, Ivan Mesquita V"]
[Black "NOLASCO, Roger Minks"]
[Result "1-0"]
[WhiteElo "2116"]
[BlackElo "1936"]
[PlyCount "43"]
[EventDate "2012.08.08"]
[EventRounds "9"]
[EventCountry "BRA"]

1. d4 Nf6 2. Nf3 g6 3. g3 Bg7 4. Bg2 O-O 5. O-O d6 6. b3 Re8 7. Bb2 c6 8. c4
Nbd7 9. Nc3 Qc7 10. Qd2 e5 11. e3 e4 12. Ng5 d5 13. cxd5 cxd5 14. Rac1 Qa5 15.
Ncxe4 Qxa2 16. Nd6 Rf8 17. Ra1 Qxb3 18. Rfb1 Qb6 19. Ba3 Qc6 20. Rc1 Qb6 21.
Rab1 Qa6 22. Nb5 1-0

[Event "II Aberto do Brasil de Maringa id. fide 69253 id. 
[Site "Maringa - Parana - Brasil"]
[Date "2012.08.12"]
[Round "8"]
[Board "26"]
[White "DE CARVALHO, Igor Lorenzon"]
[Black "DEUS FILHO, Joaquim De"]
[Result "0-1"]
[WhiteElo "1878"]
[BlackElo "2116"]
[PlyCount "180"]
[EventDate "2012.08.08"]
[EventRounds "9"]
[EventCountry "BRA"]

1. d4 Nf6 2. c4 c5 3. d5 b5 4. cxb5 a6 5. bxa6 Bxa6 6. Nc3 g6 7. Nf3 Bg7 8. e4
Bxf1 9. Kxf1 d6 10. g3 O-O 11. Kg2 Nbd7 12. h3 Qc7 13. Qe2 Rfb8 14. Re1 Qb7 15.
Rb1 Ne8 16. Bd2 Qa7 17. a3 Rb3 18. Rec1 Rab8 19. Be1 Nc7 20. a4 Na8 21. Qc2 c4
22. Nd2 R3b4 23. b3 cxb3 24. Rxb3 Nc5 25. Rxb4 Rxb4 26. Nb5 Qd7 27. Rb1 Rxa4
28. Nc3 $11 Ra6 29. Rb8+ Bf8 30. Qb1 Qc7 31. Rb4 Qa5 32. Nc4 Qc7 33. Bd2 f6 34.
Ne3 Nb6 35. Nb5 Qd8 36. Nd4 Nbd7 37. Nc6 Qa8 38. Bc3 Ra2 39. Nc4 Qa6 40. Nd2
Bh6 41. Nc4 Kf7 42. Nd8+ Kg7 43. Nc6 Re2 44. N4a5 Bd2 45. Bxd2 Rxd2 46. Nc4 Re2
47. Nxe7 Rxe4 48. Nxd6 Rxe7 49. Nb5 Re5 50. Nc7 Qe2 51. Qf1 Qxf1+ 52. Kxf1 Kf7
53. Rh4 h5 54. g4 Ke7 55. gxh5 gxh5 56. Rd4 Nb7 57. Rb4 Nd6 58. Rb3 Nc5 59. Rg3
Nf5 60. Ra3 Kd6 61. Ra7 Nd4 62. Kg2 h4 63. Na6 Kxd5 64. Nxc5 Rg5+ 65. Kf1 Kxc5
66. Ra4 Kd5 67. Ra5+ Ke4 68. Ra3 Rg8 69. Rc3 f5 70. Re3+ Kd5 71. Ra3 Ke4 72.
Re3+ Kf4 73. Ra3 Rd8 74. Ra4 Ke4 75. Kg2 Rg8+ 76. Kf1 f4 77. f3+ Kd3 78. Kf2
Rg3 79. Ra3+ Kd2 80. Ra4 Kd3 81. Ra3+ Kc4 82. Ra4+ Kd5 83. Ra5+ Kc6 84. Ra4
Rxf3+ 85. Kg2 Rd3 86. Ra6+ Kd5 87. Rh6 Rd2+ 88. Kf1 Ke4 89. Rxh4 Kf3 90. Ke1
Rd3 0-1

[Event "II Aberto do Brasil de Maringa id. fide 69253 id. 
[Site "Maringa - Parana - Brasil"]
[Date "2012.08.12"]
[Round "8"]
[Board "27"]
[White "DE ANDRADE, Osvaldo Cezar G"]
[Black "TASHIMA, Vanessa Kelly"]
[Result "1-0"]
[WhiteElo "2110"]
[BlackElo "1902"]
[PlyCount "113"]
[EventDate "2012.08.08"]
[EventRounds "9"]
[EventCountry "BRA"]

1. e4 e6 2. d3 d5 3. Nd2 c5 4. Ngf3 Nc6 5. g3 Bd6 6. Bg2 Nge7 7. O-O O-O 8. Re1
Qc7 9. c3 b6 10. h4 Kh8 11. Qe2 f6 12. Nf1 Bd7 13. Bd2 Rae8 14. h5 Ne5 15. Nxe5
fxe5 16. c4 dxc4 17. dxc4 Nc6 18. Bc3 Re7 19. Nd2 Ref7 20. Rf1 Nd4 21. Qg4 Rf6
22. Rae1 Be8 23. Bxd4 cxd4 24. Rc1 Rh6 25. Qe2 Bxh5 26. Qd3 Qf7 27. f3 Be7 28.
Rce1 Bc5 29. f4 exf4 30. e5 Bg4 31. Ne4 Qh5 32. Rf2 Be7 33. gxf4 Bh4 34. Ng3
Bf5 35. Qa3 Qe8 36. Rf3 Be7 37. Qxa7 Bg4 38. Rd3 Bc5 39. a3 Bh3 40. b4 Be7 41.
Rxd4 Bxg2 42. Kxg2 Qc6+ 43. Ree4 Rg6 44. Qxe7 Re8 45. Qd7 Qa8 46. a4 h5 47. f5
exf5 48. Qxf5 Rh6 49. Kh3 Rf8 50. Qd7 Rg6 51. Qd5 Qc8+ 52. e6 Qb8 53. Qe5 Qc8
54. Kg2 Re8 55. e7 Qa8 56. Qxh5+ Rh6 57. Qxe8+ 1-0

[Event "II Aberto do Brasil de Maringa id. fide 69253 id. 
[Site "Maringa - Parana - Brasil"]
[Date "2012.08.12"]
[Round "8"]
[Board "28"]
[White "FARIAS, Sergio Roberto Alves"]
[Black "SERAFIM JUNIOR, Arnor"]
[Result "0-1"]
[WhiteElo "2101"]
[BlackElo "1859"]
[PlyCount "96"]
[EventDate "2012.08.08"]
[EventRounds "9"]
[EventCountry "BRA"]

1. d4 d5 2. c4 c6 3. e3 Nf6 4. Nc3 Bf5 5. Nf3 e6 6. Qb3 Qb6 7. c5 Qc7 8. Nh4
Bg6 9. Nxg6 hxg6 10. g3 Nbd7 11. f4 Be7 12. Bg2 b6 13. cxb6 axb6 14. Bd2 Ng4
15. h3 Nh6 16. Rc1 Qb8 17. Ne2 c5 18. a3 f5 19. g4 Nf7 20. g5 c4 21. Qd1 b5 22.
h4 Nd6 23. Bb4 Ne4 24. Bxe7 Kxe7 25. Bxe4 fxe4 26. f5 gxf5 27. Nf4 Kf7 28. Qd2
b4 29. axb4 Ra4 30. Kf1 Qxb4 31. Qg2 Rb8 32. Rh2 Ra2 33. Qe2 Rxb2 34. Qh5+ Kg8
35. Rxb2 Qxb2 36. Ne2 Qd2 37. g6 Nf6 38. Qg5 Ng4 39. Qh5 Nf6 40. Qg5 Rb2 41.
Re1 c3 42. Qg3 c2 43. Qc7 Qb4 44. Qc8+ Qf8 45. Qxe6+ Kh8 46. Qc6 Ng4 47. Qc3
Qb8 48. Nf4 Nh2+ 0-1

[Event "II Aberto do Brasil de Maringa id. fide 69253 id. 
[Site "Maringa - Parana - Brasil"]
[Date "2012.08.12"]
[Round "8"]
[Board "29"]
[White "SZTOKBANT, Bernardo Vainzoff"]
[Black "RAPOUSO, Ricardo Luis Borba"]
[Result "1/2-1/2"]
[WhiteElo "2065"]
[BlackElo "1852"]
[PlyCount "50"]
[EventDate "2012.08.08"]
[EventRounds "9"]
[EventCountry "BRA"]

1. e4 c5 2. Nf3 Nc6 3. d4 cxd4 4. Nxd4 g6 5. Nc3 Bg7 6. Be3 Nf6 7. Be2 O-O 8.
Nb3 d6 9. O-O Be6 10. f4 Qd7 11. Kh1 Ng4 12. Bg1 Bxc3 13. bxc3 f5 14. Nd4 Nf6
15. exf5 gxf5 16. Nxe6 Qxe6 17. Bd3 Ne4 18. Qe2 d5 19. c4 Qh6 20. Qf3 e6 21.
cxd5 exd5 22. c4 Qf6 23. Rae1 Rae8 24. cxd5 Nd4 25. Bxd4 Qxd4 {Ilegivel.
Concluida no lance 55.} 1/2-1/2

[Event "II Aberto do Brasil de Maringa id. fide 69253 id. 
[Site "Maringa - Parana - Brasil"]
[Date "2012.08.12"]
[Round "8"]
[Board "30"]
[White "DE SOUZA ASSIS, Rafael"]
[Black "BRANDAO, Renan Alves"]
[Result "0-1"]
[WhiteElo "1850"]
[BlackElo "2048"]
[PlyCount "86"]
[EventDate "2012.08.08"]
[EventRounds "9"]
[EventCountry "BRA"]

1. d4 Nf6 2. c4 e6 3. Nf3 b6 4. g3 Ba6 5. b3 Bb4+ 6. Bd2 c5 7. Bg2 Bb7 8. O-O
O-O 9. Bf4 cxd4 10. a3 Be7 11. Qxd4 Nc6 12. Qd3 d5 13. Nbd2 dxc4 14. Qxd8 Rfxd8
15. Nxc4 Nd5 16. Bd2 Rac8 17. e4 Nf6 18. e5 Ne4 19. Be3 Ba6 20. Rfe1 Bxc4 21.
bxc4 Nc5 22. Bxc5 Bxc5 23. a4 Na5 24. Re4 Rd3 25. Rf4 h6 26. Bf1 Rd7 27. h4
Rcd8 28. g4 Nc6 29. h5 Rd1 30. Rxd1 Rxd1 31. g5 hxg5 32. Rg4 f6 33. Kg2 Ra1 34.
exf6 gxf6 35. Bd3 Kg7 36. Be4 Nd8 37. Nxg5 fxg5 38. Rxg5+ Kh6 39. Rg8 Nf7 40.
Bg6 Ra2 41. Kg3 Rxf2 42. Rc8 Rf6 43. Rc7 Bd6+ 0-1

[Event "II Aberto do Brasil de Maringa id. fide 69253 id. 
[Site "Maringa - Parana - Brasil"]
[Date "2012.08.12"]
[Round "8"]
[Board "31"]
[White "BRODAY, Geovani Allan"]
[Black "MENDONCA CAMPELO, Higor Carlos"]
[Result "1/2-1/2"]
[WhiteElo "1899"]
[BlackElo "2041"]
[PlyCount "24"]
[EventDate "2012.08.08"]
[EventRounds "9"]
[EventCountry "BRA"]

1. e4 e6 2. d4 d5 3. exd5 exd5 4. Bd3 c5 5. dxc5 Bxc5 6. Nf3 Ne7 7. O-O O-O 8.
Nc3 Nbc6 9. Bf4 Nb4 10. Ne5 Nxd3 11. Nxd3 Bb6 12. Na4 Bf5 1/2-1/2

[Event "II Aberto do Brasil de Maringa id. fide 69253 id. 
[Site "Maringa - Parana - Brasil"]
[Date "2012.08.12"]
[Round "8"]
[Board "32"]
[White "RIBEIRO , Allysson"]
[Black "VILLALBA, Marcelo"]
[Result "0-1"]
[WhiteElo "1800"]
[BlackElo "2243"]
[PlyCount "64"]
[EventDate "2012.08.08"]
[EventRounds "9"]
[EventCountry "BRA"]

1. d4 e6 2. c4 Nf6 3. Nf3 c5 4. d5 b5 5. e3 Bb7 6. a4 bxc4 7. Bxc4 Nxd5 8. O-O
Be7 9. Bd2 O-O 10. a5 a6 11. Re1 Nf6 12. Nc3 d5 13. Bb3 Nc6 14. Ne2 Ne4 15. Bc2
f5 16. Nf4 Qd7 17. Ba4 Bd6 18. Nd3 Qc7 19. Nf4 Rae8 20. Qc2 g5 21. Nd3 c4 22.
Nc1 g4 23. Nd4 Bxh2+ 24. Kf1 Nxd4 25. exd4 Re7 26. Ne2 f4 27. Nc3 f3 28. Nxe4
dxe4 29. Be3 g3 30. gxf3 exf3 31. fxg3 Qxg3 32. Rec1 Be4 0-1

[Event "II Aberto do Brasil de Maringa id. fide 69253 id. 
[Site "Maringa - Parana - Brasil"]
[Date "2012.08.12"]
[Round "8"]
[Board "34"]
[White "NUNES JR, Sidney"]
[Black "BIANCHI, Willian Domingues"]
[Result "1-0"]
[WhiteElo "2038"]
[BlackElo "1853"]
[PlyCount "56"]
[EventDate "2012.08.08"]
[EventRounds "9"]
[EventCountry "BRA"]

1. e4 Nf6 2. Nc3 d5 3. exd5 Nxd5 4. Qf3 c6 5. Bc4 Be6 6. Bb3 Nc7 7. Nge2 g6 8.
O-O Bg7 9. d3 O-O 10. Bf4 Nba6 11. Qe3 Bxb3 12. axb3 Nd5 13. Nxd5 cxd5 14. c3
Re8 15. d4 Qb6 16. b4 Rad8 17. Qg3 Nb8 18. Bc7 Qb5 19. Bxd8 Rxd8 20. Rfe1 a6
21. Nf4 e6 22. h4 h5 23. Nd3 b6 24. Ne5 Bxe5 25. Qxe5 Qc6 26. g4 hxg4 27. h5
Qd6 28. hxg6 f5 1-0

[Event "II Aberto do Brasil de Maringa id. fide 69253 id. 
[Site "Maringa - Parana - Brasil"]
[Date "2012.08.12"]
[Round "8"]
[Board "35"]
[White "MARINO, Felipe Gabriel"]
[Black "BRANCO, Guilherme Paulino"]
[Result "0-1"]
[WhiteElo "1611"]
[BlackElo "2017"]
[PlyCount "86"]
[EventDate "2012.08.08"]
[EventRounds "9"]
[EventCountry "BRA"]

1. e4 Nf6 2. Nc3 d5 3. e5 Nfd7 4. d4 Nb6 5. Nf3 Bg4 6. Be2 e6 7. O-O a6 8. h3
Bxf3 9. Bxf3 c5 10. Ne2 Nc6 11. c3 cxd4 12. cxd4 Be7 13. Bd2 Rc8 14. Rc1 Nc4
15. b3 Nxd2 16. Qxd2 O-O 17. Nc3 Ba3 18. Ra1 Qa5 19. Rfd1 Nxd4 20. Qxd4 Qxc3
21. Qa4 Bb2 22. Rab1 Qxe5 23. Rd2 Rc1+ 24. Rxc1 Bxc1 25. Re2 Qc7 26. b4 Rc8 27.
Bxd5 b5 28. Qxa6 exd5 29. Re7 Qd8 30. Qb7 Bf4 31. g3 Rc7 32. Rxc7 Bxc7 33. Qxb5
d4 34. Qd3 Qd6 35. b5 h6 36. a4 Qc5 37. Qe4 g6 38. Qe8+ Kg7 39. a5 Bxa5 40. Qe4
Bb6 41. Qe2 d3 42. Qd1 Qxf2+ 43. Kh1 Qg1+ 0-1

[Event "II Aberto do Brasil de Maringa id. fide 69253 id. 
[Site "Maringa - Parana - Brasil"]
[Date "2012.08.12"]
[Round "8"]
[Board "36"]
[White "CHANG, Suzana"]
[Black "DESTE, Dayan Kuhn"]
[Result "1-0"]
[WhiteElo "2006"]
[BlackElo "1945"]
[PlyCount "79"]
[EventDate "2012.08.08"]
[EventRounds "9"]
[EventCountry "BRA"]

1. e4 c5 2. Nf3 d6 3. d4 cxd4 4. Qxd4 Nc6 5. Bb5 Bd7 6. Bxc6 bxc6 7. b3 e6 8.
c4 Qb6 9. Qd3 Nf6 10. O-O d5 11. Nc3 Bb4 12. Bb2 Bxc3 13. Qxc3 Nxe4 14. Qxg7
O-O-O 15. Ne5 Rdf8 16. cxd5 exd5 17. Nxd7 Kxd7 18. Be5 h5 19. Bf4 c5 20. Rad1
d4 21. b4 Rhg8 22. Qe5 Re8 23. Qd5+ Kc8 24. bxc5 Qe6 25. Qxd4 Qc6 26. Rb1 Nd6
27. Bg3 Nb7 28. Qf4 Rxg3 29. hxg3 Qc7 30. Qf5+ Re6 31. Qxh5 Re5 32. Qh8+ Nd8
33. c6 Rc5 34. Rfc1 Ra5 35. Rd1 Rc5 36. Rd7 Qa5 37. Rdb7 Rxc6 38. Rb8+ Kd7 39.
Rxd8+ Qxd8 40. Rd1+ 1-0